000 01235nam2a22002531 4500
001 rc\3162074
005 20260406183700.0
021 _aRU
_b[76-31578]
035 _a(NLR Aleph) 007325702
090 _a5956584
_c5956584
100 _a20120615d1976 |||y0rusy50 ca
101 0 _arus
102 _aRU
105 _aa z |||||
200 0 _aЧ. 1
210 _aКиев
_cНаук. думка
_d1976
215 _a151 с.
_cил.
461 0 _1001rc\3162073
_12001#$aКавитационные автоколебания в насосных системах$eМатериалы совещ.$e[В 2 ч.$fРед. коллегия: акад. В.С. Будник (отв. ред.) и др.]$vЧ. 1
_95956575
_cКиев
_d1976
_fРед. коллегия: акад. В.С. Будник (отв. ред.) и др.]
_nНаук. думка
_oМатериалы совещ. : [В 2 ч.
_tКавитационные автоколебания в насосных системах
_vЧ. 1
712 0 2 _aАН УССР
_cКиев
_bНаучный совет по проблеме "Общая механика"
_3RU\NLR\AUTH\889948914
_9393480
801 0 _aRU
_bNLR
_gpsbo
801 1 _aRU
_bELAR
_2rusmarc
852 _aNLR
_j76-3/6314
942 _cBOOK
980 _aNB